Statistics for Flags of Countries Formerly in the U.S.S.R.

Click here to take the quiz!

General Stats

  • This quiz has been taken 38 times
  • The average score is 14 of 15

Answer Stats

Answer% Correct
Ukraine
100%
Belarus
97%
Estonia
97%
Georgia
97%
Latvia
97%
Lithuania
97%
Russia
97%
Azerbaijan
94%
Kazakhstan
94%
Tajikistan
94%
Armenia
92%
Kyrgyzstan
92%
Turkmenistan
92%
Uzbekistan
92%
Moldova
89%

Score Distribution

Percentile by Number Answered

Percent of People with Each Score

Your Score History

You have not taken this quiz